King Solomon's mine [

Bibliographic Details
Main Author: Haggard, H. Rider
Format: Book
Published: Netherlands : Vestron Video International , 19_
Subjects:

MARC

LEADER 00000cam a2200000 7i4500
001 0000000382
002 000000458
005 20020930.0
020 |a 000000458 
090 0 0 |a JF   |b KIN 
100 1 |a Haggard, H. Rider 
245 1 0 |a King Solomon's mine [  |h video recording]   |c H. Rider Haggard 
260 |a Netherlands :   |b Vestron Video International ,   |c 19_ 
300 |a 1 Video recording VHS (60:00 min) :   |b col.(PAL) 
500 |a Library has 1 copy 
650 0 0 |a Cartoon and carricatures 
999 |a PV0122   |b VIDEO   |c JUNIOR REFERENCE   |e PERPUSTAKAAN KOMUNITI PETALING JAYA